000 00902nas a2200301 4500
001 BR2010005802
003 BR-BrBNA
005 20231205114755.0
007 ta
008 230509b bl.|||p| |||| 00| 00por d
040 _aBR-BrBNA
_bpor
_cBiblioteca Nacional de Agricultura
041 _a(Pt)
072 _aF01
100 1 _aOliveira, A.P. de
100 1 _aSilva, J.A. da
100 1 _aOliveira, A.N.P. de
100 1 _aSilva, D.F. da
100 1 _aSantos, R.R.
100 1 _aSilva, N.V. da
245 1 _aProdução do maxixeiro em função de espaçamentos entre fileiras e entre plantas
650 _aMAXIXE
650 _aESPAÇAMENTO
650 _aPRÁTICA CULTURAL
650 _aRENDIMENTO
773 0 _tHorticultura Brasileira (Brazil)
_xISSN 0102-0536
_g(Jul-Sep 2010), v. 28(3) p. 344-347
_wBR2010005802
909 _a202311
_bLúcia
_c55
_dLúcia Elande
942 _2AGRIS
_n0
_cANA
999 _c210416
_d210416